00659nam a2200229 a 4500001001300000003000900013005001700022008004100039020000900080082001600089100001600105245003500121260004500156300000800201500003500209650002200244700001600266902000800282942000700290952011500297999001700412nice12345678IN_TiNIC20260116014453.0070411s2005 newa grp 000 0 eng  ac2000a326.58bMAT aMathew, P D aFree Legal Service to the Poor aNew DelhibIndian Social Institutec2005 a51p aincludes index and biblioraphy aLaw-Social Sience1 aMathew, P D bSRS cBK 001040708StackRoom-aHMIbHMId2007-04-11g20.00l0o326.58 MATp021712r2007-04-11v20.00w2007-04-11yBK c15493d15493